Französisch Vokabeln Grundwissen - Ortsangaben - Statistiken

Allgemein
  • Dieses Quiz wurde 77 mal gespielt
  • Das Durchschnittsergebnis liegt bei 5 aus 14
Antwortstatistiken
Hint Antwort % Korrekt
links à gauche
90%
rechts à droite
83%
hier ici
58%
da, dort là, là-bas
58%
hinter derrière
35%
weit weg loin
33%
vor devant
29%
nahe, in der Nähe près, proche
27%
draußen, hinaus dehors
17%
geradeaus tout droit
17%
oben en haut
15%
unten en bas
13%
innen dedans
6%
gegenüber en face de
6%
Keine übereinstimmenden Quizze gefunden
Verteilung der Resultate
Anzahl Personen mit jedem Resultat
Perzentil nach korrekt beantworteten Fragen
Ihre Resultats-Entwicklung
Sie haben dieses Quiz noch nicht gespielt